[Event "Edmonton op10"]
[Site "Edmonton"]
[Date "2003.10.11"]
[Round "1"]
[White "Pivovarov, Juraj"]
[Black "Park, Roland"]
[Result "1-0"]
[WhiteElo "1769"]
[BlackElo "900"]
[PlyCount "71"]
[EventDate "2003.10.11"]
[EventType "swiss"]
[EventRounds "6"]
[EventCountry "CAN"]
[SourceTitle "EXT 2008"]
[Source "ChessBase"]
[SourceDate "2007.11.25"]
[SourceVersion "1"]
[SourceVersionDate "2007.11.25"]
[SourceQuality "1"]

1. e4 e5 2. f4 d5 3. Nc3 Nf6 4. exd5 Nxd5 5. Nf3 Bg4 6. fxe5 Nxc3 7. bxc3 Qd5 8. d4 Qe4+ 9. Qe2 Qxe2+ 10. Bxe2 Be7 11. 0-0 0-0 12. Rb1 b6 13. Bc4 Kh8 14. Bd5 c6 15. Be4 f6 16. Nh4 f5 17. Nxf5 Be2 18. Rf2 Bg4 19. Nxe7 Nd7 20. Rxf8+ Rxf8 21. Bxc6 Be2 22. Ba3 Rd8 23. Re1 Bc4 24. Re3 Bxa2 25. Rf3 Nxe5 26. dxe5 Rd1+ 27. Kf2 Rd2+ 28. Ke3 Rd8 29. Bd5 Bxd5 30. Nxd5 h6 31. Rf8+ Rxf8 32. Bxf8 Kg8 33. Ba3 Kf7 34. Nc7 g5 35. e6+ Kg6 36. e7 1-0